Development of biosensors for chemical characterization of interactions of DNA and nanomaterials dizertačná práca

Gespeichert in:
Bibliographische Detailangaben
1. Verfasser: Hlavatá, Lenka
Format: Buch
Sprache:Englisch
Veröffentlicht: Bratislava STU FCHPT 2014
Online-Zugang:Im OPAC anzeigen
Tags: Tag hinzufügen
Keine Tags, Fügen Sie das erste Tag hinzu!

MARC

LEADER 00000nam a2200000 a 4500
005 20260127134308.0
008 160226 2014 000 0 eng d
035 |a vtls011508338 
039 9 |y 201602260956  |z mschk02 
040 |a STUSCHK1  |b slo  |c STUSCHK1  |e AACR2 
100 1 |a Hlavatá, Lenka 
245 1 |a Development of biosensors for chemical characterization of interactions of DNA and nanomaterials  |b dizertačná práca  |c Lenka Hlavatá 
260 |a Bratislava  |b STU FCHPT  |c 2014 
300 |a 107 s.  |b il.  |c 24 cm 
500 |a Training workspace: Department of Analytical chemistry 
910 |a SCHK95 
999 |c 9071  |d 9071